00780Cam#a2200205#a#450000500170000000800410001702000150005804100080007310000150008124500970009625000350019326000320022830001120026050001430037265300110051565300110052665300110053765300120054870000140056020240613100357.0100823s1983||||sp a |||||||||||||spa d a843451141X aspa1 aTestut, L. aTratado de anatomía topográfica con aplicaciones medicoquirúrgicas. bT.1 /cL. Testut a8a ed.bIlutrada por S. Dupret aBarcelona: bSalvat;c1983. a1-889 p.bCon 651 figuras en el texto, dibujadas por S. Dupret de las cuales 562 estan impresas en colores. aTestut, L. y Jacob, O. (1983). Tratado de anatomía topográfica con aplicaciones medicoquirúrgicas. T.1 (8a ed.). Barcelona : Salvat. aCabeza aRaquis aCuello aTórax1 aJacob, O.